Technical communication : (Record no. 346837)
[ view plain ]
| 000 -LEADER | |
|---|---|
| fixed length control field | 00777 a2200181 4500 |
| 020 ## - INTERNATIONAL STANDARD BOOK NUMBER | |
| International Standard Book Number | 0155074210 (paperback) |
| 020 ## - INTERNATIONAL STANDARD BOOK NUMBER | |
| International Standard Book Number | 9780155074217 (paperback) |
| 082 04 - DEWEY DECIMAL CLASSIFICATION NUMBER | |
| Classification number | 808.0666 |
| 090 ## - LOCALLY ASSIGNED LC-TYPE CALL NUMBER (OCLC); LOCAL CALL NUMBER (RLIN) | |
| -- | 4392 |
| -- | 4392 |
| 100 1# - MAIN ENTRY--PERSONAL NAME | |
| Personal name | Anderson, Paul V. |
| 245 10 - TITLE STATEMENT | |
| Title | Technical communication : |
| Remainder of title | a reader-centered approach / |
| Statement of responsibility, etc. | Paul V. Anderson. |
| 250 ## - EDITION STATEMENT | |
| Edition statement | 5th ed. |
| 260 ## - PUBLICATION, DISTRIBUTION, ETC. | |
| Place of publication, distribution, etc. | [S.l.] : |
| Name of publisher, distributor, etc. | Thomson/Heinle, |
| Date of publication, distribution, etc. | 2002. |
| 300 ## - PHYSICAL DESCRIPTION | |
| Extent | 704 p. ; |
| Dimensions | 24 cm. |
| 520 ## - SUMMARY, ETC. | |
| Summary, etc. | Known for its treatment of the rhetorical situation and its reading centered approach, the new edition is now full color and thoroughly updated to include the latest developments in technical communication. |
| 856 40 - ELECTRONIC LOCATION AND ACCESS | |
| Materials specified | Amazon.com |
| Uniform Resource Identifier | <a href="http://www.amazon.com/exec/obidos/ASIN/0155074210/chopaconline-20">http://www.amazon.com/exec/obidos/ASIN/0155074210/chopaconline-20</a> |
| 942 ## - ADDED ENTRY ELEMENTS (KOHA) | |
| Institution code [OBSOLETE] | NBS |
| Koha item type | Book |
| Call number prefix | 808.06665 AND |
| Withdrawn status | Lost status | Damaged status | Not for loan | Permanent Location | Current Location | Date acquired | Total Checkouts | Total Renewals | Full call number | Barcode | Date last seen | Date last checked out | Price effective from | Koha item type |
|---|---|---|---|---|---|---|---|---|---|---|---|---|---|---|
| Central Library (CL) | Central Library (CL) | 08/28/2013 | 3 | 2 | 808.06665 AND | NBS5509 | 01/24/2023 | 11/04/2020 | 08/28/2013 | Book |
